Learning Resource and Development

Homages & histories : (Record no. 5202)

MARC details
000 -LEADER
fixed length control field 01235nam a2200313 i 4500
005 - DATE AND TIME OF LATEST TRANSACTION
control field 20240131131849.0
008 - FIXED-LENGTH DATA ELEMENTS--GENERAL INFORMATION
fixed length control field 230512s2015 ph a 000 0 eng d
020 ## - INTERNATIONAL STANDARD BOOK NUMBER
International Standard Book Number 9789719913391
040 ## - CATALOGING SOURCE
Transcribing agency CSPC
Original cataloging agency CSPC
Description conventions rda
050 00 - LIBRARY OF CONGRESS CALL NUMBER
Classification number DS686.616.S26
Item number A5 2015
082 04 - DEWEY DECIMAL CLASSIFICATION NUMBER
Classification number 920.0599
Item number Sa59h
Edition number 23
100 1# - MAIN ENTRY--PERSONAL NAME
Personal name Santos, Soliman Jr. M.,
Relator term author.
245 10 - TITLE STATEMENT
Title Homages & histories :
Remainder of title family & friends, NagueƱos & Moros, rebels & soldiers, warriors & peacemakers /
Statement of responsibility, etc. Soliman M. Santos Jr.
246 3# - VARYING FORM OF TITLE
Title proper/short title Homages and histories
264 #1 - PRODUCTION, PUBLICATION, DISTRIBUTION, MANUFACTURE, AND COPYRIGHT NOTICE
Place of production, publication, distribution, manufacture Naga City, Philippines :
Name of producer, publisher, distributor, manufacturer Ateneo de Naga University Press,
Date of production, publication, distribution, manufacture, or copyright notice 2015.
300 ## - PHYSICAL DESCRIPTION
Extent xx, 179 pages :
Other physical details illustrations ;
Dimensions 23 cm.
336 ## - CONTENT TYPE
Source rdacontent
Content type term text
337 ## - MEDIA TYPE
Source rdamedia
Media type term unmediated
338 ## - CARRIER TYPE
Source rdacarrier
Carrier type term volume
546 ## - LANGUAGE NOTE
Language note In English.
600 10 - SUBJECT ADDED ENTRY--PERSONAL NAME
Personal name Santos, Soliman M.,
Titles and other words associated with a name Jr.
General subdivision Family.
600 10 - SUBJECT ADDED ENTRY--PERSONAL NAME
Personal name Santos, Soliman M.,
Titles and other words associated with a name Jr.
General subdivision Friends and associates.
650 #0 - SUBJECT ADDED ENTRY--TOPICAL TERM
Topical term or geographic name entry element Peace
Geographic subdivision Philippines.
650 #0 - SUBJECT ADDED ENTRY--TOPICAL TERM
Topical term or geographic name entry element Human rights
Geographic subdivision Philippines.
651 #0 - SUBJECT ADDED ENTRY--GEOGRAPHIC NAME
Geographic name Naga City (Philippines)
General subdivision History.
710 2# - ADDED ENTRY--CORPORATE NAME
Corporate name or jurisdiction name as entry element Ateneo de Naga University Press,
Relator term publisher.
942 ## - ADDED ENTRY ELEMENTS (KOHA)
Koha item type Books
Source of classification or shelving scheme Dewey Decimal Classification
Classification part 920.0599 Sa59h
Call number prefix BKL
Call number suffix 2015
Suppress in OPAC No
Holdings
Withdrawn status Lost status Damaged status Not for loan Home library Current library Shelving location Date acquired Total Checkouts Full call number Barcode Date last seen Copy number Price effective from Koha item type
        Main Library Main Library Bikoliana Section 05/12/2023   BKL 920.0599 Sa59h 2015 018278 05/12/2023 1-5 05/12/2023 Books
        Main Library Main Library Bikoliana Section 05/12/2023   BKL 920.0599 Sa59h 2015 018279 05/12/2023 2-5 05/12/2023 Books
        Main Library Main Library Bikoliana Section 05/12/2023   BKL 920.0599 Sa59h 2015 018280 05/12/2023 3-5 05/12/2023 Books
        Main Library Main Library Bikoliana Section 05/12/2023   BKL 920.0599 Sa59h 2015 018281 05/12/2023 4-5 05/12/2023 Books
        Main Library Main Library Bikoliana Section 05/12/2023   BKL 920.0599 Sa59h 2015 018282 05/12/2023 5-5 05/12/2023 Books